Tilastot visalle Kaukojunien pysähdyspaikat Suomessa

Klikkaa tästä pelataksesi tätä visaa!

Yleistilastot

  • Tätä visaa on pelattu 71 kertaa
  • Keskiarvotulos 37 / 78

Vastaustilastot

Asema% Oikein
Helsinki
96%
Tampere
96%
Turku
96%
Lahti
94%
Oulu
94%
Rovaniemi
94%
Hämeenlinna
89%
Kuopio
89%
Kemi
87%
Seinäjoki
87%
Joensuu
85%
Lappeenranta
85%
Tikkurila
83%
Jyväskylä
81%
Pasila
81%
Riihimäki
81%
Vaasa
81%
Kouvola
80%
Mikkeli
80%
Pori
78%
Kokkola
76%
Pieksämäki
72%
Toijala
70%
Imatra
69%
Iisalmi
61%
Kajaani
61%
Kemijärvi
61%
Salo
61%
Kolari
57%
Parkano
57%
Jämsä
52%
Nokia
50%
Ylivieska
48%
Lempäälä
43%
Pännäinen
43%
Lapua
41%
Siilinjärvi
41%
Orivesi
39%
Suonenjoki
39%
Mäntyharju
37%
Karjaa
35%
Loimaa
35%
Oulainen
35%
Harjavalta
33%
Kirkkonummi
33%
Kupittaa
31%
Parikkala
31%
Muhos
30%
Kempele
28%
Leppävaara
28%
Tervola
28%
Joutseno
26%
Kauhava
26%
Kitee
26%
Lapinlahti
26%
Pello
24%
Hankasalmi
22%
Kokemäki
22%
Turun satama
22%
Vammala
22%
Kannus
20%
Kesälahti
20%
Vaala
20%
Ylitornio
20%
Humppila
19%
Paltamo
19%
Ruukki
19%
Kontiomäki
17%
Simpele
17%
Sukeva
17%
Vihanti
17%
Karkku
15%
Utajärvi
15%
Tesoma
11%
Tornio-Itäinen
9%
Misi
7%
Muurola
7%
Tervajoki
6%

Tulosjakauma

Persentiili vastausten määrän mukaan

Jokaisen tuloksen saaneiden osuus

Tuloshistoriasi

Et ole pelannut tätä visaa